Die 10 größten deutschen Städte pro Anfangsbuchstabe - Statistiken

Allgemein
  • Dieses Quiz wurde 3.018 mal gespielt
  • Das Durchschnittsergebnis liegt bei 94 aus 241
Antwortstatistiken
Antwort % Korrekt
Berlin
97%
Augsburg
92%
Aachen
91%
Düsseldorf
91%
Frankfurt (Main)
91%
Frankfurt (Oder)
91%
Essen
90%
Hamburg
90%
Bremen
89%
Chemnitz
89%
Dortmund
88%
Köln
88%
München
88%
Dresden
87%
Nürnberg
86%
Hannover
85%
Leipzig
85%
Jena
84%
Stuttgart
84%
Bonn
80%
Erfurt
80%
Ingolstadt
80%
Bochum
79%
Kiel
79%
Potsdam
79%
Bielefeld
78%
Duisburg
78%
Freiburg
78%
Mannheim
77%
Ulm
76%
Gelsenkirchen
75%
Karlsruhe
74%
Rostock
74%
Mainz
73%
Bremerhaven
72%
Magdeburg
72%
Cottbus
71%
Braunschweig
70%
Regensburg
70%
Darmstadt
69%
Kassel
69%
Münster
69%
Oldenburg
69%
Osnabrück
69%
Saarbrücken
69%
Wiesbaden
69%
Wuppertal
69%
Gera
68%
Halle (Saale)
67%
Lübeck
67%
Schwerin
67%
Trier
67%
Xanten
66%
Zwickau
66%
Flensburg
65%
Koblenz
65%
Fürth
64%
Heidelberg
64%
Kaiserslautern
64%
Oberhausen
64%
Wolfsburg
64%
Ludwigshafen
63%
Erlangen
62%
Göttingen
62%
Leverkusen
62%
Mönchengladbach
62%
Offenbach am Main
62%
Paderborn
61%
Aschaffenburg
60%
Hamm
60%
Krefeld
60%
Würzburg
59%
Aalen
58%
Celle
57%
Gießen
55%
Bamberg
54%
Bottrop
53%
Fulda
53%
Herne
53%
Hagen
52%
Passau
51%
Solingen
51%
Hildesheim
50%
Konstanz
49%
Gütersloh
48%
Heilbronn
48%
Neuss
48%
Quedlinburg
48%
Siegen
48%
Tübingen
48%
Bergisch Gladbach
47%
Pforzheim
47%
Recklinghausen
47%
Villingen-Schwenningen
47%
Weimar
47%
Hanau
46%
Reutlingen
46%
Emden
45%
Ludwigsburg
44%
Esslingen am Neckar
43%
Mülheim an der Ruhr
43%
Remscheid
43%
Iserlohn
42%
Moers
42%
Cuxhaven
40%
Friedrichshafen
40%
Lüneburg
40%
Neu-Ulm
40%
Salzgitter
40%
Ahlen
39%
Dessau-Roßlau
39%
Greifswald
39%
Rosenheim
38%
Wilhelmshaven
38%
Offenburg
37%
Unna
37%
Worms
37%
Coburg
36%
Düren
36%
Kempten im Allgäu
36%
Neubrandenburg
35%
Minden
33%
Ravensburg
33%
Detmold
32%
Plauen
32%
Castrop-Rauxel
31%
Göppingen
31%
Landshut
31%
Neumünster
31%
Neustadt a. d. Weinstraße
30%
Stralsund
30%
Witten
30%
Amberg
29%
Delmenhorst
29%
Viersen
28%
Arnsberg
27%
Zweibrücken
26%
Cloppenburg
25%
Gladbeck
25%
Jülich
25%
Marl
25%
Vechta
25%
Euskirchen
24%
Lüdenscheid
24%
Lünen
24%
Ratingen
24%
Pirmasens
23%
Rüsselsheim am Main
23%
Aurich
22%
Dorsten
22%
Peine
22%
Rheine
22%
Tuttlingen
22%
Itzehoe
21%
Lippstadt
21%
Neunkirchen
21%
Velbert
21%
Calw
20%
Norderstedt
20%
Zittau
20%
Ibbenbüren
19%
Ilmenau
19%
Troisdorf
19%
Wesel
19%
Jever
18%
Pinneberg
18%
Sindelfingen
18%
Elmshorn
17%
Frankenthal (Pfalz)
17%
Freising
17%
Kerpen
17%
Pirna
17%
Quakenbrück
17%
Uelzen
17%
Verl
17%
Coesfeld
16%
Erftstadt
16%
Frechen
16%
Grevenbroich
16%
Idar-Oberstein
16%
Oranienburg
16%
Querfurt
16%
Unterhaching
16%
Eschweiler
15%
Neuwied
15%
Quickborn
15%
Schwäbisch Gmünd
15%
Verden (Aller)
15%
Völklingen
15%
Crailsheim
14%
Garbsen
14%
Nordhorn
14%
Überlingen
14%
Ingelheim am Rhein
13%
Waiblingen
13%
Zeitz
13%
Traunstein
12%
Zerbst/Anhalt
11%
Jüterbog
10%
Pulheim
10%
Stolberg (Rheinland)
10%
Erkrath
9%
Alsdorf
8%
Idstein
8%
Oberursel (Taunus)
8%
Vaihingen an der Enz
8%
Albstadt
7%
Jessen (Elster)
7%
Jüchen
7%
Taunusstein
7%
Teltow
7%
Unterschleißheim
7%
Viernheim
7%
Oer-Erkenschwick
6%
Zirndorf
6%
Usingen
5%
Voerde (Niederrhein)
5%
Zossen
5%
Zülpich
5%
Isernhagen
4%
Jettingen
4%
Osterholz-Scharmbeck
4%
Ostfildern
4%
Tönisvorst
4%
Zeulenroda-Triebes
4%
Zeven
4%
Jesteburg
3%
Jockgrim
3%
Jork
3%
Telgte
3%
Traunreut
3%
Übach-Palenberg
3%
Uetersen
3%
Uetze
3%
Ilsede
2%
Quendorf
2%
Quierschied
2%
Quarnbek
1%
Queidersbach
0%
Quirnheim
0%
Quitzdorf am See
0%
Keine übereinstimmenden Quizze gefunden
Verteilung der Resultate
Anzahl Personen mit jedem Resultat
Perzentil nach korrekt beantworteten Fragen
Ihre Resultats-Entwicklung
Sie haben dieses Quiz noch nicht gespielt